000 00668nam a2200241Ia 4500
003 OSt
005 20220925214313.0
006 a|||||r|||| 00| 0
007 ta
008 220923b |||||||| |||| 00| 0 eng d
037 _cGeneral Book
040 _aRTL
_cRTL
_beng
041 _2eng
_aeng
082 _aY7:1:(U), L8
100 _aHodder Ian Ed.
_913064
245 0 _aSpatial organisation of culture
260 _aLondon
_bDuckworth
_c1978
300 _ax, 310p
_ccm.
490 _aNew Approaches in Archacology. Ed by Colin Renfrew
650 _aRace
942 _hY7:1:(U), L8
_cGB
_2CC
999 _c565059
_d565059